| 000 | 00378nam a2200133Ia 4500 | ||
|---|---|---|---|
| 008 | 230711s9999||||xx |||||||||||||| ||und|| | ||
| 041 | _aENG | ||
| 082 |
_a621.3 _bGO-V |
||
| 100 | _aGopal,M | ||
| 245 | 2 |
_aA video course on control engineering _bL : 1: - Introduction to control problem-1 |
|
| 260 |
_c1995 _aNew Delhi _bIIT ,Delhi |
||
| 650 | _aElectrical Engineering | ||
| 942 | _cBK | ||
| 999 |
_c3194 _d3194 |
||